GSCE Bitesize: additional science (AQA) (Record no. 45043)
[ view plain ]
| 000 -LEADER | |
|---|---|
| fixed length control field | 00786nam a2200193 a 4500 |
| 008 - FIXED-LENGTH DATA ELEMENTS--GENERAL INFORMATION | |
| fixed length control field | 130410s2008 ||||||||||||||||| || u |
| 020 ## - INTERNATIONAL STANDARD BOOK NUMBER | |
| International Standard Book Number | 9781406654356 |
| 050 ## - LIBRARY OF CONGRESS CALL NUMBER | |
| Classification number | Q 160.2 Sau |
| 100 ## - MAIN ENTRY--PERSONAL NAME | |
| Personal name | Saunders, Nigel |
| 245 10 - TITLE STATEMENT | |
| Title | GSCE Bitesize: additional science (AQA) |
| Statement of responsibility, etc. | by Nigel Saunders |
| 246 ## - VARYING FORM OF TITLE | |
| Title proper/short title | Additional science (AQA): complete revision and practice |
| 260 ## - PUBLICATION, DISTRIBUTION, ETC. | |
| Place of publication, distribution, etc. | Harlow, Essex: |
| Name of publisher, distributor, etc. | BBC Active |
| Date of publication, distribution, etc. | 2008 |
| 300 ## - PHYSICAL DESCRIPTION | |
| Extent | xxi, 124p.: ill. + CD-ROM |
| 500 ## - GENERAL NOTE | |
| General note | A Text accompained by CD-ROM (See Cybrary staff) |
| 650 #7 - SUBJECT ADDED ENTRY--TOPICAL TERM | |
| Topical term or geographic name entry element | SCIENCE |
| Source of heading or term | fast |
| 650 ## - SUBJECT ADDED ENTRY--TOPICAL TERM | |
| Topical term or geographic name entry element | SCIENCE--HANDBOOKS, MANUALS, ETC |
| 650 ## - SUBJECT ADDED ENTRY--TOPICAL TERM | |
| Topical term or geographic name entry element | SCIENCE--STUDY AND TEACHING |
| 995 ## - RECOMMENDATION 995 [LOCAL, UNIMARC FRANCE] | |
| -- | CBU-MAIN LIBRARY (Kitwe) |
| -- | 1 |
| -- | AVAILABLE |
| -- | May 23, 2013 |
| -- | Main Library Open Access Collection |
| Withdrawn status | Lost status | Source of classification or shelving scheme | Damaged status | Not for loan | Home library | Current library | Shelving location | Date acquired | Total Checkouts | Full call number | Barcode | Date last seen | Price effective from | Koha item type |
|---|---|---|---|---|---|---|---|---|---|---|---|---|---|---|
| CBU-MAIN LIBRARY, KITWE. | CBU-MAIN LIBRARY, KITWE. | 11/30/2022 | Q 160.2 Sau | 743743 | 11/30/2022 | 11/30/2022 | MONOGRAPH |